| 000 | 01320nam a2200337 a 4500 | ||
|---|---|---|---|
| 001 | BRCA_6481 | ||
| 005 | 20190320205456.0 | ||
| 008 | 240911s1930----nyua######---#000-0#eng-# | ||
| 041 | _aeng | ||
| 044 | _anyu | ||
| 050 | 4 |
_aN620.H5 _b.C65 1930 |
|
| 245 | 1 | 0 | _aThe collection of the Hispanic Society of America |
| 260 |
_aNueva York _bHispanic Society of America _c1930-1931 |
||
| 300 |
_a3 v. _bil. _c19 cm. |
||
| 500 | _aEs una collección de folletos encuadernados juntos (M77A, M77B y M77C) | ||
| 500 | _aM77A | ||
| 610 | 2 | 4 |
_aHispanic Society of America _916186 |
| 650 | 1 | 4 |
_aArte _vColeccionistas y colecciones _915108 |
| 650 | 1 | 4 |
_aPorcelana _vColeccionistas y colecciones _916187 |
| 650 | 1 | 4 |
_aVidrio _vColeccionistas y colecciones _916188 |
| 650 | 1 | 4 |
_aPintura _vColeccionistas y colecciones _916189 |
| 650 | 1 | 4 |
_aEncajes _vColeccionistas y colecciones _916190 |
| 650 | 1 | 4 |
_aIndumentaria _vColeccionistas y colecciones _916191 |
| 650 | 1 | 4 |
_aJoyería _vColeccionistas y colecciones _916192 |
| 650 | 1 | 4 |
_aIlustración de libros _vColeccionistas y colecciones _916193 |
| 650 | 1 | 4 |
_aLibros ilustrados _vColeccionistas y colecciones _ySiglos XV-XVI _916194 |
| 650 | 1 | 4 |
_aGalerias y Museos _zEstados Unidos de Norteámerica _916195 |
| 710 | 2 |
_aHispanic Society of America _916186 |
|
| 902 | _aGFM | ||
| 942 |
_2lcc _cB |
||
| 999 |
_c6165 _d6165 |
||